[Event "Nordic School Team Championship 2010"]
[Site "Jetsmark"]
[Date "2010.09.10"]
[Round "1.1"]
[White "Andrason, Pall"]
[Black "Guttulsrud, Odd Martin"]
[Result "0-1"]
[WhiteElo "1665"]
[BlackElo "2024"]
[PlyCount "94"]
[EventDate "2010.??.??"]
[EventType "team"]
[EventRounds "5"]
[EventCountry "DEN"]
[WhiteTeam "Iceland"]
[BlackTeam "Norway"]
[WhiteTeamCountry "ISL"]
[BlackTeamCountry "NOR"]

1. d4 Nf6 2. c4 g6 3. Nf3 Bg7 4. g3 O-O 5. Bg2 d6 6. Nc3 Nc6 7. O-O a6 8. Re1
Rb8 9. e4 Bg4 10. h3 Bxf3 11. Bxf3 e5 12. d5 Nd4 13. Be3 Nd7 14. Bg2 c5 15. Ne2
b5 16. cxb5 axb5 17. f4 f5 18. fxe5 dxe5 19. Nxd4 exd4 20. Bf4 fxe4 21. Bxb8
Qxb8 22. Qg4 Nf6 23. Qe6+ Kh8 24. Bxe4 Re8 25. Qc6 Nxe4 26. d6 Nxd6 27. Rxe8+
Nxe8 28. Kg2 Qe5 29. Qxb5 Nf6 30. Rf1 Nd5 31. Rf2 h5 32. Qd3 Kh7 33. b3 h4 34.
Qf3 Ne3+ 35. Kh2 Nf5 36. Re2 Qxg3+ 37. Qxg3 hxg3+ 38. Kg2 Bh6 39. Re1 d3 40.
Kf3 Ne3 41. Kxg3 d2 42. Rh1 d1=Q 43. Rxd1 Nxd1 44. a4 Bd2 45. Kf3 Bb4 46. Kg4
Nf2+ 47. Kg3 Ne4+ 0-1

[Event "Nordic School Team Championship 2010"]
[Site "Jetsmark"]
[Date "2010.09.10"]
[Round "1.2"]
[White "Botheim, Tor"]
[Black "Brynjarsson, Eirikur Orn"]
[Result "1/2-1/2"]
[WhiteElo "1849"]
[BlackElo "1585"]
[PlyCount "67"]
[EventDate "2010.??.??"]
[EventType "team"]
[EventRounds "5"]
[EventCountry "DEN"]
[WhiteTeam "Norway"]
[BlackTeam "Iceland"]
[WhiteTeamCountry "NOR"]
[BlackTeamCountry "ISL"]

1. e4 e5 2. Nf3 Nc6 3. Bb5 a6 4. Ba4 b5 5. Bb3 Bc5 6. c3 Nf6 7. O-O O-O 8. d4
exd4 9. cxd4 Bb4 10. a3 Be7 11. e5 Ne8 12. d5 Na5 13. Bc2 d6 14. Qd3 g6 15. Bh6
Ng7 16. Qc3 Nc4 17. exd6 Bf6 18. dxc7 Qd6 19. Qb4 Qxc7 20. Be4 Rb8 21. Nbd2
Bxb2 22. Ra2 a5 23. Qb3 Bf6 24. Rc2 Qd6 25. Nxc4 bxc4 26. Qxc4 Ba6 27. Qc6 Qxc6
28. dxc6 Bxf1 29. c7 Ba6 30. cxb8=Q Rxb8 31. Rc6 Bb7 32. Rb6 Rd8 33. Bc2 Bxf3
34. gxf3 1/2-1/2

[Event "Nordic School Team Championship 2010"]
[Site "Jetsmark"]
[Date "2010.09.10"]
[Round "1.3"]
[White "Kristinn Lee, Gudmundur"]
[Black "Kjoita, Henning"]
[Result "0-1"]
[WhiteElo "1575"]
[BlackElo "1862"]
[PlyCount "74"]
[EventDate "2010.??.??"]
[EventType "team"]
[EventRounds "5"]
[EventCountry "DEN"]
[WhiteTeam "Iceland"]
[BlackTeam "Norway"]
[WhiteTeamCountry "ISL"]
[BlackTeamCountry "NOR"]

1. e4 c5 2. Nf3 Nc6 3. d4 cxd4 4. Nxd4 Nf6 5. Nc3 d6 6. Bc4 g6 7. O-O Bg7 8.
Be3 O-O 9. Nxc6 bxc6 10. Bb3 Qc7 11. f3 Bb7 12. Qe2 Rfd8 13. Rad1 d5 14. exd5
Nxd5 15. Nxd5 cxd5 16. c3 e6 17. Qf2 Be5 18. f4 Bd6 19. Bxa7 Rxa7 20. Kh1 Ba6
21. Rfe1 Bxf4 22. Qh4 Bd6 23. Re3 Be7 24. Qh6 Bf8 25. Qh4 Qe7 26. Qg3 Bc4 27.
Qf4 Rb7 28. Rh3 Bxb3 29. axb3 Rxb3 30. Rd2 Ra8 31. Qf1 Qa7 32. Rf3 Rb7 33. Qe2
Qa6 34. h3 Qxe2 35. Rxe2 Ra2 36. Rff2 Bc5 37. b4 Ra1+ 0-1

[Event "Nordic School Team Championship 2010"]
[Site "Jetsmark"]
[Date "2010.09.10"]
[Round "1.4"]
[White "Kjoita, Torgeir"]
[Black "Sigurdsson, Birkir Karl"]
[Result "1/2-1/2"]
[WhiteElo "1562"]
[BlackElo "1440"]
[PlyCount "54"]
[EventDate "2010.??.??"]
[EventType "team"]
[EventRounds "5"]
[EventCountry "DEN"]
[WhiteTeam "Norway"]
[BlackTeam "Iceland"]
[WhiteTeamCountry "NOR"]
[BlackTeamCountry "ISL"]

1. e4 c5 2. Nf3 Nc6 3. d4 cxd4 4. Nxd4 g6 5. Nc3 Bg7 6. Be3 Nf6 7. Be2 O-O 8.
O-O d6 9. Bf3 Ne5 10. Be2 Qc7 11. Ndb5 Qa5 12. Rb1 a6 13. b4 Qd8 14. Nd4 Qc7
15. Nd5 Qd8 16. Nxf6+ exf6 17. Nf3 Be6 18. Nxe5 dxe5 19. c4 Qc7 20. Qc2 f5 21.
f3 f4 22. Bf2 a5 23. b5 b6 24. a4 Rfc8 25. Rfc1 Bf8 26. Bf1 Bc5 27. Rb3 Kg7
1/2-1/2

[Event "Nordic School Team Championship 2010"]
[Site "Jetsmark"]
[Date "2010.09.10"]
[Round "1.1"]
[White "Nordman, Joonas"]
[Black "Eidenert, Carl"]
[Result "0-1"]
[WhiteElo "1909"]
[BlackElo "1946"]
[PlyCount "78"]
[EventDate "2010.??.??"]
[EventType "team"]
[EventRounds "5"]
[EventCountry "DEN"]
[WhiteTeam "Finland"]
[BlackTeam "Sweden"]
[WhiteTeamCountry "FIN"]
[BlackTeamCountry "SWE"]

1. e4 c6 2. d4 d5 3. Nc3 dxe4 4. Nxe4 Bf5 5. Ng3 Bg6 6. h4 h6 7. Nf3 Nd7 8. h5
Bh7 9. Bd3 Bxd3 10. Qxd3 e6 11. Bd2 Ngf6 12. O-O-O Bd6 13. Qe2 Qe7 14. Ne5 O-O
15. Nc4 Bxg3 16. fxg3 b5 17. Ne5 Nxe5 18. dxe5 Nh7 19. Rh4 a5 20. Rg4 Kh8 21.
Be3 Rfd8 22. Bb6 Rd5 23. Rxd5 exd5 24. Qe3 Ng5 25. Bc5 Qd7 26. Rf4 Ne6 27. Rh4
Re8 28. Bb6 a4 29. Rh1 Ng5 30. Re1 Qg4 31. Qc5 Re6 32. Kb1 Qxh5 33. Rf1 Qe2 34.
Rh1 Qxe5 35. a3 Qxg3 36. Ka2 Qxg2 37. Rg1 Qe4 38. Bd8 Qc4+ 39. Qxc4 dxc4 0-1

[Event "Nordic School Team Championship 2010"]
[Site "Jetsmark"]
[Date "2010.09.10"]
[Round "1.3"]
[White "Wiklund, Samuel"]
[Black "Luening, Hanna"]
[Result "1/2-1/2"]
[WhiteElo "1507"]
[BlackElo "1622"]
[PlyCount "57"]
[EventDate "2010.??.??"]
[EventType "team"]
[EventRounds "5"]
[EventCountry "DEN"]
[WhiteTeam "Finland"]
[BlackTeam "Sweden"]
[WhiteTeamCountry "FIN"]
[BlackTeamCountry "SWE"]

1. d4 d5 2. c4 Nf6 3. Nc3 c6 4. Nf3 e6 5. Bg5 Nbd7 6. e3 Be7 7. Bd3 dxc4 8.
Bxc4 h6 9. Bh4 O-O 10. O-O b6 11. Qc2 Bb7 12. Rad1 Nd5 13. Bxe7 Qxe7 14. Nxd5
exd5 15. Bb3 Rac8 16. Qd3 c5 17. Bc2 Nf6 18. Ne5 c4 19. Qe2 a5 20. a4 Ba6 21.
Rfe1 Qd6 22. Qd2 Ne4 23. Bxe4 dxe4 24. h3 Bb7 25. Qe2 Bd5 26. Ra1 Rc7 27. Ra3
Rfc8 28. Rc1 Qe7 29. Rac3 1/2-1/2

[Event "Nordic School Team Championship 2010"]
[Site "Jetsmark"]
[Date "2010.09.10"]
[Round "1.4"]
[White "Alander, Johannes"]
[Black "Ruhanen, Eero"]
[Result "0-1"]
[WhiteElo "1345"]
[BlackElo "1475"]
[PlyCount "104"]
[EventDate "2010.??.??"]
[EventType "team"]
[EventRounds "5"]
[EventCountry "DEN"]
[WhiteTeam "Sweden"]
[BlackTeam "Finland"]
[WhiteTeamCountry "SWE"]
[BlackTeamCountry "FIN"]

1. e4 c5 2. Nf3 d6 3. d4 cxd4 4. Nxd4 Nf6 5. Nc3 a6 6. a4 Nbd7 7. Be2 e6 8. Be3
Be7 9. O-O O-O 10. f4 Qc7 11. Qe1 b6 12. Rd1 Bb7 13. Bf3 Rac8 14. Qe2 Nc5 15.
Bf2 Rfd8 16. Rfe1 h6 17. Bg3 Ncd7 18. e5 Bxf3 19. Qxf3 dxe5 20. fxe5 Nh7 21.
Qe3 Bc5 22. Kh1 Nhf8 23. Qf4 Ng6 24. Qe4 Bxd4 25. Rxd4 Nc5 26. Rxd8+ Rxd8 27.
Qc4 Qb7 28. Bf2 Nd7 29. Qd4 Rc8 30. Bg3 Rc5 31. b4 Rc6 32. Rd1 Qc7 33. Qxd7
Rxc3 34. Qxc7 Rxc7 35. Rd6 Rxc2 36. h3 Ra2 37. a5 bxa5 38. Rxa6 a4 39. Kh2 a3
40. Be1 Nxe5 41. Bc3 Nc4 42. b5 Rb2 43. Rxa3 Rxb5 44. Ra8+ Kh7 45. Ra7 Rf5 46.
Ra4 Ne3 47. Re4 Nd5 48. g4 Nxc3 49. Re3 Rc5 50. Kg3 e5 51. Kf3 f6 52. h4 Rc4
0-1

[Event "Nordic School Team Championship 2010"]
[Site "Jetsmark"]
[Date "2010.09.10"]
[Round "1.1"]
[White "Christensen, Simon Ellegaard"]
[Black "Randrup, Morten"]
[Result "1-0"]
[WhiteElo "1807"]
[BlackElo "1490"]
[PlyCount "81"]
[EventDate "2010.??.??"]
[EventType "team"]
[EventRounds "5"]
[EventCountry "DEN"]
[WhiteTeam "Denmark 1"]
[BlackTeam "Denmark 2"]
[WhiteTeamCountry "DEN"]
[BlackTeamCountry "DEN"]

1. d4 f5 2. Nf3 e6 3. c4 Nf6 4. Nc3 d6 5. g3 Be7 6. Bg2 O-O 7. O-O Qe8 8. Qc2
Nbd7 9. b4 h6 10. e4 fxe4 11. Nxe4 Nxe4 12. Qxe4 Nf6 13. Qd3 Bd7 14. Qb3 Bc6
15. b5 Bd7 16. a4 a6 17. Ba3 Ne4 18. bxa6 bxa6 19. Qb7 Bc6 20. Qb4 Rb8 21. Qa5
Rb3 22. d5 exd5 23. cxd5 Bxa4 24. Nd4 Rd3 25. Ne6 Nd2 26. Nxf8 Nxf1 27. Bxf1
Bf6 28. Re1 Qxe1 29. Qxe1 Rxa3 30. Ne6 Bb5 31. Bxb5 Ra1 32. Qxa1 Bxa1 33. Bxa6
Kf7 34. Nxc7 g5 35. Nb5 Be5 36. Kg2 Kf6 37. Kf3 h5 38. h3 Bb2 39. Nxd6 Ke5 40.
Nf7+ Kxd5 41. Nxg5 1-0

[Event "Nordic School Team Championship 2010"]
[Site "Jetsmark"]
[Date "2010.09.10"]
[Round "1.2"]
[White "Sondergaard, Helene B"]
[Black "Seirup, Simon"]
[Result "0-1"]
[WhiteElo "1529"]
[BlackElo "1393"]
[PlyCount "112"]
[EventDate "2010.??.??"]
[EventType "team"]
[EventRounds "5"]
[EventCountry "DEN"]
[WhiteTeam "Denmark 2"]
[BlackTeam "Denmark 1"]
[WhiteTeamCountry "DEN"]
[BlackTeamCountry "DEN"]

1. d4 d5 2. c4 e6 3. Nc3 Nf6 4. Bg5 Nbd7 5. e3 c6 6. Bd3 Qa5 7. c5 b6 8. cxb6
axb6 9. Nf3 Bb4 10. Qc2 Ne4 11. Bxe4 dxe4 12. Nd2 Qxg5 13. Qxe4 Bxc3 14. bxc3
Qd5 15. O-O Qxe4 16. Nxe4 Ke7 17. Rfb1 Ba6 18. Nd2 Bd3 19. Rb2 b5 20. Nb3 Bc4
21. Rc1 Bxb3 22. axb3 Ra3 23. g3 Rha8 24. Kg2 Ra2 25. Rcb1 Rxb2 26. Rxb2 Ra3
27. c4 b4 28. c5 Nf6 29. Kf3 Nd5 30. Ke2 Nc3+ 31. Kd2 Ra2 32. Rxa2 Nxa2 33. f3
f5 34. Kd3 Kf6 35. Kc4 g5 36. e4 fxe4 37. fxe4 Ke7 38. d5 exd5+ 39. exd5 cxd5+
40. Kxd5 Kd7 41. Kc4 Kc6 42. g4 h6 43. h3 Kc7 44. Kb5 Kb7 45. Kc4 Kc6 46. Kd4
Nc3 47. Kc4 Nd5 48. Kd4 Nc7 49. Ke5 Kxc5 50. Kf6 Kd4 51. Kg6 Kc3 52. Kxh6 Kxb3
53. Kxg5 Ka3 54. Kh6 b3 55. g5 b2 56. g6 Ne6 0-1

[Event "Nordic School Team Championship 2010"]
[Site "Jetsmark"]
[Date "2010.09.10"]
[Round "1.3"]
[White "Fyhn, Thomas"]
[Black "Vestergaard, Steven"]
[Result "1/2-1/2"]
[WhiteElo "1422"]
[BlackElo "1594"]
[PlyCount "170"]
[EventDate "2010.??.??"]
[EventType "team"]
[EventRounds "5"]
[EventCountry "DEN"]
[WhiteTeam "Denmark 1"]
[BlackTeam "Denmark 2"]
[WhiteTeamCountry "DEN"]
[BlackTeamCountry "DEN"]

1. e4 Nf6 2. Nc3 d5 3. exd5 Nxd5 4. Bc4 Nb6 5. Bb3 e6 6. Nf3 Nc6 7. d3 Bd7 8.
Bf4 Bd6 9. Bg3 Qe7 10. a3 O-O-O 11. Qd2 Bxg3 12. hxg3 e5 13. O-O-O Be6 14.
Bxe6+ Qxe6 15. Kb1 Nd4 16. Nxd4 exd4 17. Ne4 h6 18. Rde1 Qc6 19. f3 f5 20. Nf2
Nd5 21. Nd1 Qb6 22. Re5 Rhe8 23. Rhe1 Rxe5 24. Rxe5 Qf6 25. Qe2 Ne3 26. f4 Nxd1
27. Qxd1 Qg6 28. Qe1 Qg4 29. Re8 Qg6 30. Re7 Qf6 31. Re8 Kd7 32. Re5 Kc8 33.
Re8 b6 34. Re6 Qf8 35. Qe5 Kd7 36. Rg6 Re8 37. Rxg7+ Re7 38. Qxd4+ Kc8 39. Rxe7
Qxe7 40. Qe5 Qh7 41. Kc1 h5 42. Kd2 Qg6 43. Ke2 Kb7 44. Kf2 c5 45. d4 cxd4 46.
Qxd4 a5 47. b4 axb4 48. axb4 b5 49. Qd5+ Kb6 50. Qc5+ Ka6 51. c4 bxc4 52. Qxc4+
Kb7 53. Qd5+ Kc7 54. b5 Qb6+ 55. Kf3 Qg6 56. Kf2 Qb6+ 57. Kf1 Qg6 58. Kg1 Qxg3
59. Qxf5 Qe1+ 60. Kh2 Qh4+ 61. Qh3 Qf6 62. Qxh5 Qxf4+ 63. Kh3 Qf1 64. Qc5+ Kb8
65. b6 Qd3+ 66. Kh2 Qh7+ 67. Kg3 Qg6+ 68. Kf3 Qf6+ 69. Ke4 Qg6+ 70. Kd4 Qg4+
71. Kc3 Qg7+ 72. Qd4 Qg3+ 73. Kc4 Qg8+ 74. Qd5 Qc8+ 75. Kb5 Qe8+ 76. Kc5 Qc8+
77. Kb5 Qe8+ 78. Qc6 Qe2+ 79. Ka5 Qa2+ 80. Kb5 Qb2+ 81. Kc5 Qc3+ 82. Kd6 Qf6+
83. Kd7 Qf7+ 84. Kd8 Qf8+ 85. Qe8 Qd6+ 1/2-1/2

[Event "Nordic School Team Championship 2010"]
[Site "Jetsmark"]
[Date "2010.09.10"]
[Round "1.4"]
[White "Sondergaard, Jonas"]
[Black "Pedersen, Anders"]
[Result "1-0"]
[WhiteElo "1374"]
[BlackElo "1197"]
[PlyCount "44"]
[EventDate "2010.??.??"]
[EventType "team"]
[EventRounds "5"]
[EventCountry "DEN"]
[WhiteTeam "Denmark 2"]
[BlackTeam "Denmark 1"]
[WhiteTeamCountry "DEN"]
[BlackTeamCountry "DEN"]

1. e4 c6 2. d4 d5 3. Nc3 dxe4 4. Nxe4 Bf5 5. Ng3 Bg6 6. Nf3 Nd7 7. Bc4 e6 8.
O-O Ngf6 9. Re1 Nb6 10. Bb3 a5 11. a4 Be7 12. Ne5 Nbd5 13. Bg5 Nd7 14. Bxe7
Qxe7 15. Nxg6 hxg6 16. Qg4 f5 17. Qxg6+ Kd8 18. Nxf5 Qf8 19. Rxe6 Nf4 20. Qg5+
Kc8 21. Qxf4 Qb4 22. Nd6+ Kd8 1-0

[Event "Nordic School Team Championship 2010"]
[Site "Jetsmark"]
[Date "2010.09.11"]
[Round "2.1"]
[White "Eidenert, Carl"]
[Black "Guttulsrud, Odd Martin"]
[Result "0-1"]
[WhiteElo "1946"]
[BlackElo "2024"]
[PlyCount "46"]
[EventDate "2010.??.??"]
[EventType "team"]
[EventRounds "5"]
[EventCountry "DEN"]
[WhiteTeam "Sweden"]
[BlackTeam "Norway"]
[WhiteTeamCountry "SWE"]
[BlackTeamCountry "NOR"]

1. c4 Nf6 2. g3 g6 3. Bg2 Bg7 4. Nf3 O-O 5. O-O d6 6. Nc3 Nc6 7. Rb1 a5 8. a3
e5 9. d3 Nd4 10. Ne1 c6 11. Bg5 Be6 12. e3 Nf5 13. Ne4 h6 14. Bxf6 Bxf6 15.
Nxf6+ Qxf6 16. b4 axb4 17. axb4 Ra2 18. Qb3 Rfa8 19. Nc2 d5 20. e4 dxc4 21.
dxc4 Nd6 22. Ne3 R2a3 23. Qd1 Nxc4 0-1

[Event "Nordic School Team Championship 2010"]
[Site "Jetsmark"]
[Date "2010.09.11"]
[Round "2.2"]
[White "Botheim, Tor"]
[Black "Bjerkliden, Mathias"]
[Result "1-0"]
[WhiteElo "1849"]
[BlackElo "1668"]
[PlyCount "97"]
[EventDate "2010.??.??"]
[EventType "team"]
[EventRounds "5"]
[EventCountry "DEN"]
[WhiteTeam "Norway"]
[BlackTeam "Sweden"]
[WhiteTeamCountry "NOR"]
[BlackTeamCountry "SWE"]

1. e4 e5 2. Nf3 Nc6 3. Bb5 a6 4. Ba4 Nf6 5. O-O Be7 6. Re1 b5 7. Bb3 O-O 8. h3
d5 9. exd5 Nxd5 10. Nxe5 Nxe5 11. Rxe5 c6 12. d4 Bd6 13. Re1 Qh4 14. Bxd5 cxd5
15. Qd3 g5 16. Nd2 g4 17. Nf1 gxh3 18. g3 Qh5 19. Kh2 Bf5 20. Qe2 Bg4 21. Qd2
f6 22. f4 Rfe8 23. Ne3 Bf3 24. Qf2 Re7 25. Bd2 Rae8 26. c3 Re4 27. a4 Bc7 28.
axb5 a5 29. b6 Bxb6 30. g4 Bc7 31. gxh5 Bxf4+ 32. Qg3+ Bxg3+ 33. Kxg3 Bxh5 34.
Nxd5 Kg7 35. Rxe4 Rxe4 36. Nf4 Bf7 37. Rxa5 h6 38. Kxh3 Re7 39. b4 Rb7 40. Kg4
Rb8 41. d5 Rc8 42. Nh5+ Kg6 43. Nf4+ Kg7 44. Rc5 Ra8 45. Nh5+ Kg6 46. Rc6 Rg8
47. Kh4 Bxd5 48. Rxf6+ Kh7 49. Rxh6# 1-0

[Event "Nordic School Team Championship 2010"]
[Site "Jetsmark"]
[Date "2010.09.11"]
[Round "2.3"]
[White "Luening, Hanna"]
[Black "Kjoita, Henning"]
[Result "0-1"]
[WhiteElo "1622"]
[BlackElo "1862"]
[PlyCount "76"]
[EventDate "2010.??.??"]
[EventType "team"]
[EventRounds "5"]
[EventCountry "DEN"]
[WhiteTeam "Sweden"]
[BlackTeam "Norway"]
[WhiteTeamCountry "SWE"]
[BlackTeamCountry "NOR"]

1. c4 e5 2. Nc3 g6 3. g3 Bg7 4. Bg2 Ne7 5. b3 c6 6. e4 O-O 7. Nge2 f5 8. Bb2
fxe4 9. Bxe4 d5 10. Bg2 Na6 11. cxd5 cxd5 12. O-O Nb4 13. Ba3 a5 14. Bxb4 axb4
15. Na4 b5 16. Nb2 Bf5 17. d3 Qb6 18. Qd2 Bg4 19. h3 Bxe2 20. Qxe2 Kh8 21. Qe3
Qxe3 22. fxe3 Rxf1+ 23. Kxf1 Nf5 24. Kf2 e4 25. dxe4 dxe4 26. g4 Ne7 27. Bxe4
Bxb2 28. Bxa8 Bxa1 29. Bb7 Kg7 30. Kf3 Kf6 31. Ba6 Nd5 32. Bxb5 Nc3 33. Bc4
Nxa2 34. e4 Bd4 35. Bd5 Nc3 36. Bc6 g5 37. Bb7 Ke5 38. Bc6 Nb1 0-1

[Event "Nordic School Team Championship 2010"]
[Site "Jetsmark"]
[Date "2010.09.11"]
[Round "2.4"]
[White "Kjoita, Torgeir"]
[Black "Eidenert, Ellen"]
[Result "1-0"]
[WhiteElo "1562"]
[BlackElo "1348"]
[PlyCount "63"]
[EventDate "2010.??.??"]
[EventType "team"]
[EventRounds "5"]
[EventCountry "DEN"]
[WhiteTeam "Norway"]
[BlackTeam "Sweden"]
[WhiteTeamCountry "NOR"]
[BlackTeamCountry "SWE"]

1. e4 d5 2. exd5 Qxd5 3. Nc3 Qd6 4. Nf3 Nf6 5. Be2 c6 6. d4 Bg4 7. Be3 Nbd7 8.
O-O O-O-O 9. a3 Bxf3 10. Bxf3 Nb6 11. Qe2 e5 12. Rad1 Nbd5 13. Nxd5 Nxd5 14.
Bg4+ Kb8 15. dxe5 Qe7 16. Qd2 Re8 17. Qa5 Nxe3 18. Rd7 Nd5 19. Rxe7 Bxe7 20. c4
Nb6 21. Qc3 Rd8 22. b4 h5 23. Bf3 g5 24. b5 c5 25. Rd1 Rdg8 26. g3 g4 27. Bg2
h4 28. a4 Nxa4 29. Qc2 Nb6 30. Qe4 Nd5 31. Qxd5 Rd8 32. Qxb7# 1-0

[Event "Nordic School Team Championship 2010"]
[Site "Jetsmark"]
[Date "2010.09.11"]
[Round "2.1"]
[White "Randrup, Morten"]
[Black "Nordman, Joonas"]
[Result "0-1"]
[WhiteElo "1490"]
[BlackElo "1909"]
[PlyCount "76"]
[EventDate "2010.??.??"]
[EventType "team"]
[EventRounds "5"]
[EventCountry "DEN"]
[WhiteTeam "Denmark 2"]
[BlackTeam "Finland"]
[WhiteTeamCountry "DEN"]
[BlackTeamCountry "FIN"]

1. e4 Nf6 2. Nc3 d5 3. exd5 Nxd5 4. Bc4 Nb6 5. Bb3 Nc6 6. Nge2 Bf5 7. O-O e6 8.
d3 Bd6 9. Be3 O-O 10. Nb5 Bg4 11. Nxd6 cxd6 12. f3 Bh5 13. c3 a5 14. Ng3 Bg6
15. f4 a4 16. Bc2 a3 17. bxa3 Nd5 18. Qd2 Qa5 19. c4 Nxe3 20. Qxe3 Qxa3 21. Bb3
Na5 22. Qd4 Nxb3 23. axb3 Qxb3 24. f5 Rxa1 25. Rxa1 exf5 26. Qxd6 Re8 27. Qd7
Qb6+ 28. Kh1 Rd8 29. Qe7 h6 30. c5 Qf6 31. Qxf6 gxf6 32. Rd1 f4 33. Ne2 Bh5 34.
Re1 Re8 35. d4 Rxe2 36. Rb1 Rd2 37. g4 Bxg4 38. Rxb7 Bf3+ 0-1

[Event "Nordic School Team Championship 2010"]
[Site "Jetsmark"]
[Date "2010.09.11"]
[Round "2.2"]
[White "Alhajaj, Amjad"]
[Black "Sondergaard, Helene B"]
[Result "0-1"]
[WhiteElo "1637"]
[BlackElo "1529"]
[PlyCount "104"]
[EventDate "2010.??.??"]
[EventType "team"]
[EventRounds "5"]
[EventCountry "DEN"]
[WhiteTeam "Finland"]
[BlackTeam "Denmark 2"]
[WhiteTeamCountry "FIN"]
[BlackTeamCountry "DEN"]

1. d4 Nf6 2. c4 g6 3. Nc3 Bg7 4. e4 d6 5. f3 O-O 6. Be3 e5 7. d5 Ne8 8. Bd3 f5
9. Nge2 f4 10. Bf2 Na6 11. a3 Nc5 12. Bc2 a5 13. b4 axb4 14. axb4 Rxa1 15. Qxa1
Na6 16. Qa3 Qe7 17. O-O g5 18. c5 g4 19. fxg4 f3 20. Ng3 Bxg4 21. h3 fxg2 22.
Kxg2 Bf3+ 23. Kh2 Qg5 24. Rg1 Qd2 25. Nce2 Bxe2 26. Nf5 Bh5 27. Rg2 Rxf5 28.
Be3 Qxb4 29. Qxb4 Nxb4 30. exf5 Nxd5 31. Bb3 Bf7 32. Bg1 Nf4 33. Rb2 Nd3 34.
Bxf7+ Kxf7 35. Rxb7 Nxc5 36. Bxc5 dxc5 37. Kg3 c4 38. Rb5 Nd6 39. Ra5 Nxf5+ 40.
Kg4 Nd6 41. Rc5 e4 42. Rxc7+ Kf6 43. Rc6 Ke5 44. Rc7 Kf6 45. Kf4 h5 46. Rc6
Bh6+ 47. Kg3 Ke5 48. Rc5+ Kd4 49. Rxh5 c3 50. Kf2 c2 51. Rxh6 c1=Q 52. Rxd6+
Ke5 0-1

[Event "Nordic School Team Championship 2010"]
[Site "Jetsmark"]
[Date "2010.09.11"]
[Round "2.3"]
[White "Vestergaard, Steven"]
[Black "Wiklund, Samuel"]
[Result "1/2-1/2"]
[WhiteElo "1594"]
[BlackElo "1507"]
[PlyCount "54"]
[EventDate "2010.??.??"]
[EventType "team"]
[EventRounds "5"]
[EventCountry "DEN"]
[WhiteTeam "Denmark 2"]
[BlackTeam "Finland"]
[WhiteTeamCountry "DEN"]
[BlackTeamCountry "FIN"]

1. c4 Nf6 2. Nc3 g6 3. g3 c5 4. Bg2 Nc6 5. Nf3 e5 6. e4 d6 7. h3 Bg7 8. d3 O-O
9. O-O h6 10. Be3 Nd4 11. Nd5 Nxf3+ 12. Qxf3 Nxd5 13. cxd5 f5 14. Qd1 f4 15.
Bd2 Qf6 16. Qf3 g5 17. g4 b5 18. b4 Bd7 19. Rfc1 Rac8 20. Bf1 Rc7 21. bxc5 dxc5
22. Ba5 Rfc8 23. Bc3 b4 24. Bb2 Ba4 25. a3 b3 26. Rc4 Bb5 27. Rc3 Ba4 1/2-1/2

[Event "Nordic School Team Championship 2010"]
[Site "Jetsmark"]
[Date "2010.09.11"]
[Round "2.4"]
[White "Ruhanen, Eero"]
[Black "Sondergaard, Jonas"]
[Result "0-1"]
[WhiteElo "1475"]
[BlackElo "1374"]
[PlyCount "66"]
[EventDate "2010.??.??"]
[EventType "team"]
[EventRounds "5"]
[EventCountry "DEN"]
[WhiteTeam "Finland"]
[BlackTeam "Denmark 2"]
[WhiteTeamCountry "FIN"]
[BlackTeamCountry "DEN"]

1. d4 d5 2. c4 e6 3. Nc3 Nf6 4. cxd5 Nxd5 5. e4 Nxc3 6. bxc3 c5 7. Nf3 b6 8.
Bb5+ Bd7 9. Bxd7+ Qxd7 10. O-O Be7 11. Be3 cxd4 12. cxd4 O-O 13. Qd3 Nc6 14.
Rfd1 Rfd8 15. Rac1 Rac8 16. h3 Nb4 17. Qd2 Qa4 18. Re1 Nxa2 19. Rxc8 Rxc8 20.
Rb1 Bb4 21. Qb2 Rc2 22. Qb3 Qxb3 23. Rxb3 Be7 24. Rd3 Nb4 25. Rd1 a5 26. d5
exd5 27. exd5 Bd6 28. Bxb6 a4 29. Ba5 Na6 30. Ra1 a3 31. Nd4 Rc5 32. Nf5 Be5
33. Rxa3 Rc1+ 0-1

[Event "Nordic School Team Championship 2010"]
[Site "Jetsmark"]
[Date "2010.09.11"]
[Round "2.1"]
[White "Christensen, Simon Ellegaard"]
[Black "Andrason, Pall"]
[Result "0-1"]
[WhiteElo "1807"]
[BlackElo "1665"]
[PlyCount "100"]
[EventDate "2010.??.??"]
[EventType "team"]
[EventRounds "5"]
[EventCountry "DEN"]
[WhiteTeam "Denmark 1"]
[BlackTeam "Iceland"]
[WhiteTeamCountry "DEN"]
[BlackTeamCountry "ISL"]

1. d4 f5 2. Nf3 Nf6 3. c4 e6 4. Nc3 d5 5. g3 c6 6. Bg2 Bd6 7. O-O O-O 8. a3
Nbd7 9. b4 Ne4 10. Qb3 Kh8 11. e3 Be7 12. Ne2 Bf6 13. Nf4 Nb6 14. c5 Nc4 15.
Rd1 Bd7 16. Bf1 b5 17. cxb6 Nxb6 18. Nh5 Be7 19. Ne5 g6 20. Nf4 Bf6 21. Nexg6+
hxg6 22. Nxg6+ Kg7 23. Nxf8 Qxf8 24. f3 Nd6 25. a4 Nbc4 26. Ra2 Kf7 27. Bd3 Qg7
28. Re2 Rg8 29. Bb2 Qh6 30. e4 Bh4 31. Bxc4 Bxg3 32. hxg3 Rxg3+ 33. Rg2 Rxg2+
34. Kxg2 Nxc4 35. Bc1 f4 36. Rg1 Qg7+ 37. Kf1 Qxd4 38. Bxf4 e5 39. Bc1 Bh3+ 40.
Rg2 Nd2+ 41. Bxd2 Qxd2 42. exd5 Qxg2+ 43. Ke1 Qg1+ 44. Kd2 Qd4+ 45. Qd3 Qxd3+
46. Kxd3 cxd5 47. b5 Ke7 48. a5 Bf1+ 49. Ke3 Bxb5 50. f4 d4+ 0-1

[Event "Nordic School Team Championship 2010"]
[Site "Jetsmark"]
[Date "2010.09.11"]
[Round "2.2"]
[White "Brynjarsson, Eirikur Orn"]
[Black "Seirup, Simon"]
[Result "1-0"]
[WhiteElo "1585"]
[BlackElo "1393"]
[PlyCount "111"]
[EventDate "2010.??.??"]
[EventType "team"]
[EventRounds "5"]
[EventCountry "DEN"]
[WhiteTeam "Iceland"]
[BlackTeam "Denmark 1"]
[WhiteTeamCountry "ISL"]
[BlackTeamCountry "DEN"]

1. e4 e6 2. d4 d5 3. exd5 exd5 4. Nc3 Nf6 5. Nf3 Bd6 6. Bg5 c6 7. Bd3 O-O 8.
Qd2 Re8+ 9. Ne2 Bg4 10. O-O-O Bxf3 11. gxf3 Nbd7 12. Ng3 g6 13. Rhg1 Bf8 14. h4
b5 15. h5 Kh8 16. f4 Qb6 17. hxg6 fxg6 18. f5 gxf5 19. Nxf5 b4 20. Bxf6+ Nxf6
21. Qg5 Qd8 22. f3 a5 23. Nh4 Ra7 24. Nf5 Rf7 25. Rg2 Be7 26. Nh6 Ref8 27.
Nxf7+ Rxf7 28. Rdg1 Qf8 29. c3 bxc3 30. bxc3 Qb8 31. Qe5 Bd6 32. Rg8+ Qxg8 33.
Rxg8+ Kxg8 34. Qxd6 Kg7 35. Qe5 Rf8 36. Kc2 Re8 37. Qg5+ Kf7 38. Kb3 Rg8 39.
Qf4 Rc8 40. Bxh7 c5 41. dxc5 Rxc5 42. Bd3 Rc8 43. Qd6 a4+ 44. Kc2 Re8 45. f4
Re6 46. Bg6+ Kxg6 47. Qxe6 Kg7 48. Kb2 Ne4 49. Qxd5 a3+ 50. Kxa3 Nf6 51. Qg5+
Kf7 52. c4 Ke6 53. Qe5+ Kf7 54. c5 Ne8 55. c6 Ng7 56. c7 1-0